| 000 | 01423nam a22002777a 4500 | ||
|---|---|---|---|
| 999 |
_c120170 _d120170 |
||
| 003 | dpl | ||
| 005 | 20181227160356.0 | ||
| 008 | 181227b ||||| |||| 00| 0 eng d | ||
| 010 | _aB-075727, B-075731 | ||
| 020 |
_c750.00 _a8187566418 |
||
| 035 | _aB-075727, B-075731 | ||
| 037 | _bCen Lib/Ret | ||
| 040 |
_aDPL _bHN _c0 |
||
| 082 |
_a821.08 _bसिंहपु |
||
| 100 |
_aसिंह, पुष्पा _988890 |
||
| 245 |
_aअमरचन्द्र सूरिकृत : बाल भारत : _cपुष्पा सिंह _bएक साहित्यिक एवं सामाजिक अनुशीलन / |
||
| 246 |
_aAmarchandrasurikrit : balbharat : ek sahityik ewam samajik anusheelan / _bby Pushpa Singh |
||
| 260 |
_aवाराणसी _bकला प्रकाशन _c2001 |
||
| 270 |
_bवाराणसी _aबी.33/33-ए-1, न्यू साकेत कालोनी, बी.एच.यू _e221005 |
||
| 300 |
_aiii,387पृ. _c21सेमी(सजिल्द) |
||
| 650 |
_aहिन्दी -- काव्य का विषय _951888 |
||
| 650 |
_aहिन्दी -- बालभारत का तुलनात्मक समीक्षण _988891 |
||
| 650 |
_aHindi - the subject of poetry _988892 |
||
| 650 |
_aHindi - Balbhaarat comparative Smikshn _988893 |
||
| 942 |
_2ddc _cHN _h821.08 _mसिंहपु |
||